000 00795nam a22002417a 4500
999 _c1154
_d1154
005 20220801155719.0
008 220801b ||||| |||| 00| 0 eng d
020 _a9789673850983
040 _cKH8
082 _aFIC RED
100 _eIllustrator
_aRedcore
245 _aFlight of the phoenix/
_cstory by Sherlock ; comic by Redcode.
246 _aX-venture xplorers
250 _a1st ed.
260 _aSingapore :
_bArt Square Creation,
_c2012.
300 _a156 pages :
_bcolor illustrations ;
_c20 cm.
440 _aX-venture lost legends series
546 _aTranslated from Chinese.
650 _aScience fiction comic books, strips, etc.
650 _aChina -- History -- Qin dynasty, 221-207 B.C. -- Comic books, strips, etc.
700 _aSherlock
_cStory
942 _2ddc
_cGN